The principles of mathematics
Αποθηκεύτηκε σε:
| Κύριος συγγραφέας: | |
|---|---|
| Μορφή: | Βιβλίο |
| Γλώσσα: | English |
| Δημοσίευση: |
London :
George Allen and Unwin,
1956, c1903
|
| Έκδοση: | 2nd ed., Repr. |
| Θέματα: | |
| Ετικέτες: |
Προσθήκη ετικέτας
Δεν υπάρχουν, Καταχωρήστε ετικέτα πρώτοι!
|
MARC
| LEADER | 00000cam a2200000 i 4500 | ||
|---|---|---|---|
| 001 | 1/4391 | ||
| 008 | 100210r19561903 eng d | ||
| 035 | |l 10106750 | ||
| 040 | |a GR-MY-UA |b gre |e aacr | ||
| 041 | 0 | |a eng | |
| 082 | 0 | |a 510.1 |2 (22) | |
| 100 | 1 | |a Russell, Bertrand, |d 1872-1970. | |
| 245 | 1 | 4 | |a The principles of mathematics / |c by Bertrand Russell |
| 250 | |a 2nd ed., Repr. | ||
| 260 | |a London : |b George Allen and Unwin, |c 1956, c1903 | ||
| 300 | |a xxxix, 534 σ.; |c 24 εκ. | ||
| 504 | |a Περιέχει ευρετήριο | ||
| 650 | 0 | 0 | |a Mathematics |x Philosophy. |
| 852 | |a INST |b SAMOS |c MAG |e 20100210 |h 510.1 RUS |p 005300030686 |q 005300030686 |t BK |y 0 | ||
| 901 | |a BIBL3-2010-1 | ||
| 909 | |a Σ |b 161748 | ||
| 970 | |a ΣΙΤΖΙΜΗ |b ΓΙΑΣΕΜΗ |z 2010/02/10 | ||